Animaux « de mer » - Statistiques

Statistiques générales
  • Ce quiz a été pris 2 827 fois
  • Le résultat moyen est 8 sur 15
Statistiques - réponses
Par images Réponse % Correct
{Étoile} de mer
100%
{Tortue} de mer
99%
{Loutre} de mer
94%
{Cheval} de mer
79%
{Éléphant} de mer
75%
{Anémone} de mer
73%
{Araignée} de mer
71%
{Lion} de mer
64%
{Limace} de mer
60%
{Concombre} de mer
57%
{Léopard} de mer
38%
{Dragon} de mer
15%
{Ange} de mer
6%
{Diable} de mer
6%
{Lys} de mer
1%
Aucun quiz correspondant
Distribution des résultats
% des personnes avec chaque résultat
Percentile par nombre de réponses
Votre historique - résultats
Vous n’avez pas pris ce quiz